000 01021cam a22002894a 4500
001 11767412
003 OSt
005 20240628115935.0
008 990727s2000 enka b 001 0 eng
010 _a 99040009
020 _a0415198879
020 _a0415198887
040 _aDDC
_cMUST
042 _apcc
082 0 0 _a333.7 WHE 2002
_220
100 1 _aWheater, C. Philip,
_918336
245 1 0 _aUsing statistics to understand the environment /
_cC. Philip Wheater and Penny A. Cook ; illustrated by Jo Wright.
260 _aLondon ;
_aNew York :
_bRoutledge,
_c2000.
300 _axxiv, 245p.:
_bill.;
_c26 cm.
440 0 _aRoutledge introductions to environment series
_918007
504 _aIncludes bibliographical references and index.
650 0 _aStatistics.
_91274
650 0 _aEnvironmental sciences
_xStatistical methods.
_918337
700 1 _aCook, Penny A.,
_d1971-
_918338
856 4 2 _3Publisher description
_uhttp://www.loc.gov/catdir/enhancements/fy0649/99040009-d.html
942 _2ddc
_cO_SHELF
999 _c9018
_d9018